Vista normal Vista MARC

Entrada Corporate Name

Número de registros utilizados en: 2

001 - CONTROL NUMBER

  • control field: 10497

003 - CONTROL NUMBER IDENTIFIER

  • control field: OSt

005 - DATE AND TIME OF LATEST TRANSACTION

  • control field: 20200918115442.0

008 - FIXED-LENGTH DATA ELEMENTS

  • fixed length control field: 200918|| aca||aabn | a|a d

040 ## - CATALOGING SOURCE

  • Original cataloging agency: OSt
  • Transcribing agency: OSt

110 ## - HEADING--CORPORATE NAME

  • Corporate name or jurisdiction name as entry element: Comisión Corográfica bajo la dirección de Agustin Codazzi

670 ## - SOURCE DATA FOUND

  • Source citation: Work cat.: (OSt)6219: Comisión Corográfica bajo la dirección de Agustin Codazzi, Jeografía física I política de las provincias de la nueva granada : , 1958